000 00781nam a2200241Ia 4500
003 OSt
005 20220927105430.0
006 a|||||r|||| 00| 0
007 ta
008 220926b |||||||| |||| 00| 0 eng d
024 _a174444
037 _cReference Collections
040 _aRTL
_cRTL
_beng
041 _2eng
_aeng
082 _a"X71 (J).252.N77<-N76, L9/GD"
110 _a"UTTAR PRADESH, (Govt. of-)."
_9372467
245 0 _aSeason and crop description of Uttar Pradesh for Year 1976-77.
260 _aAllahabad
_bGovt. of Uttar Pradesh. India
_c1979
300 _a189p.
_ccm.
700 _a"UTTAR PRADESH, (Govt. of-)."
_9372468
942 _h"X71 (J).252.N77<-N76, L9/GD"
_cCC
999 _c692516
_d692516